Cómo enseñar la ortografía: a partir del vocabulario básico
Αποθηκεύτηκε σε:
| Κύριος συγγραφέας: | |
|---|---|
| Μορφή: | Βιβλίο |
| Γλώσσα: | Ισπανικά |
| Έκδοση: |
Barcelona
Ceac
1988
|
| Έκδοση: | 1a. ed |
| Σειρά: | Colección Educación y Enseñanza. Serie Aula Práctica
|
| Θέματα: | |
| Ετικέτες: |
Προσθήκη ετικέτας
Δεν υπάρχουν, Καταχωρήστε ετικέτα πρώτοι!
|
MARC
| LEADER | 00000nam a2200000 a 4500 | ||
|---|---|---|---|
| 001 | UCW5377 | ||
| 003 | CL-VaPUC | ||
| 008 | 910410e19880000SP |||||||||||||||||spa|d | ||
| 020 | |a 8432986208 | ||
| 082 | 0 | 4 | |a 372.632 |b BAR |2 21 |
| 100 | |a Barberá Albalat, Vicente |e author |9 429154 | ||
| 245 | 1 | 0 | |a Cómo enseñar la ortografía: a partir del vocabulario básico |
| 250 | |a 1a. ed | ||
| 300 | |a 199 p | ||
| 942 | |c BK | ||
| 945 | |d 19910410 00:00:00 | ||
| 260 | |a Barcelona |b Ceac |c 1988 | ||
| 650 | 0 | |a Español |9 255372 | |
| 650 | 0 | |a Ortografía |9 309144 | |
| 650 | 0 | |a Enseñanza |9 256457 | |
| 583 | |a last modification |c 19910410 00:00:00 |k Rodrigo Vera | ||
| 490 | 0 | |a Colección Educación y Enseñanza. Serie Aula Práctica | |
| 999 | |c 218831 |d 218829 | ||
| 952 | |0 0 |1 0 |4 0 |6 372_632000000000000_BAR_1988 |7 0 |8 A |9 209017 |a BIBEDU |b BIBEDU |d 2019-11-15 |i 2768135 |l 1 |o 372.632 BAR 1988 |p 2768135 |r 2024-05-08 |s 2024-04-19 |w 2019-11-15 |y BK |k EDU | ||